Logo CIB grande

INTRODUCCION A LA INVESTIGACION DE OPERACIONES (Registro nro. 195422)

Detalles MARC
000 -LEADER
campo de control de longitud fija 00908nam a2200265Ia 4500
005 - FECHA Y HORA DE LA ÚLTIMA TRANSACCIÓN
campo de control 20250425160742.0
008 - DATOS DE LONGITUD FIJA--INFORMACIÓN GENERAL
campo de control de longitud fija 250425s9999 xx 000 0 und d
020 ## - NÚMERO INTERNACIONAL ESTÁNDAR DEL LIBRO
Número Internacional Estándar del Libro 9701010221
041 ## - CÓDIGO DE IDIOMA
Código de lengua del texto/banda sonora o título independiente spa
043 ## - CÓDIGO DE ÁREA GEOGRÁFICA
Código de área geográfica mx
082 ## - NÚMERO DE LA CLASIFICACIÓN DECIMAL DEWEY
Número de clasificación 001.424
010 ## - NÚMERO DE CONTROL DE LA BIBLIOTECA DEL CONGRESO
Número de control de LC 4396
100 ## - ENTRADA PRINCIPAL--NOMBRE DE PERSONA
Nombre de persona HILLIER, FREDERICK S.
245 #0 - MENCIÓN DEL TÍTULO
Título INTRODUCCION A LA INVESTIGACION DE OPERACIONES
250 ## - MENCION DE EDICION
Mención de edición 4A ED.
260 ## - PUBLICACIÓN, DISTRIBUCIÓN, ETC.
Lugar de publicación, distribución, etc. MEXICO
260 ## - PUBLICACIÓN, DISTRIBUCIÓN, ETC.
Lugar de publicación, distribución, etc. México
Nombre del editor, distribuidor, etc. MCGRAW-HILL
Fecha de publicación, distribución, etc. 1997
300 ## - DESCRIPCIÓN FÍSICA
Extensión 998
520 ## - RESUMEN, ETC.
Sumario, etc. LA PRESENTE EDICION TIENE COMO PROPOSITO DEFINIR EL ENFOQUE MODERNO DE LA ENSEÑANZA DE LA INVESTIGACION DE OPERACIONES POR MEDIO DE UNA HERRAMIENTA CLAVE LA COMPUTADORA, CONTIENE 17 EJEMPLOS DE DEMOSTRACION, MAS DE 250 PROBLEMAS, SE INCLUYEN PREGUNTAS, SE
650 ## - PUNTO DE ACCESO ADICIONAL DE MATERIA--TÉRMINO DE MATERIA
Término de materia o nombre geográfico como elemento de entrada ALGORITMOS INFORMATICOS
650 ## - PUNTO DE ACCESO ADICIONAL DE MATERIA--TÉRMINO DE MATERIA
Término de materia o nombre geográfico como elemento de entrada INVESTIGACION DE OPERACIONES
650 ## - PUNTO DE ACCESO ADICIONAL DE MATERIA--TÉRMINO DE MATERIA
Término de materia o nombre geográfico como elemento de entrada MARKOV, CADENAS DE
650 ## - PUNTO DE ACCESO ADICIONAL DE MATERIA--TÉRMINO DE MATERIA
Término de materia o nombre geográfico como elemento de entrada PROGRAMACION LINEAL
942 ## - ELEMENTOS DE ENTRADA SECUNDARIOS (KOHA)
Tipo de ítem Koha Libros
Existencias
Estatus retirado Estado de pérdida Estado de daño No para préstamo Biblioteca de origen Biblioteca actual Fecha de adquisición Coste, precio normal de compra Total de préstamos Código de barras Copia número Ubicación en estantería Nota pública
        ESCUELA DE NEGOCIOS ESCUELA DE NEGOCIOS 17/06/2001 20.00   CP-01095 16   COMPRA
        ESCUELA DE NEGOCIOS ESCUELA DE NEGOCIOS 17/06/2001 25.00   CP-00738 14   COMPRA
        ESCUELA DE NEGOCIOS ESCUELA DE NEGOCIOS 17/06/2001 135000.00   CP-00739 15    
        FACULTAD DE INGENIERIA MECANICA Y CIENCIAS DE LA PRODUCCION FACULTAD DE INGENIERIA MECANICA Y CIENCIAS DE LA PRODUCCION 09/07/2004 10.00   D-28166 13    
        FACULTAD DE INGENIERIA MECANICA Y CIENCIAS DE LA PRODUCCION FACULTAD DE INGENIERIA MECANICA Y CIENCIAS DE LA PRODUCCION 04/11/2005 40.00   50463 10    

Copyright 2025 ESPOL. Todos los derechos reservados.